000 00458nam a22001217a 4500
003 SGT
082 _a891.4309
_bM08H
100 _aहर्डीकर, पं. गोविंदराव
245 _aमाधवराव स्प्रे स्मारक ग्रन्थ : जीवनी
260 _bपं. माधवराव स्प्रे साहित्य शोधकेंद्र
_c2008
300 _a206
942 _2ddc
_cBK
999 _c29823
_d29823